00522nam a2200157Ia 4500003000900000008004100009040001600050080002200066100001400088245010400102260005000206300002300256650004100279650002500320650001900345IN-BaIIA211028s9999 xx 000 0 eng d cIIA Library a524.7(082.1)bGAL aKogure, T 0aGalactic structure and variable starscT. Kogure  aTokyo, JapanbUniversity of Tokyo Pressc1985 a[various pagings.] aAstronomy and astrophysics thesaurus aExtragalactic system aVariable stars